| 000 | 00380nam a2200181Ia 4500 | ||
|---|---|---|---|
| 008 | 151202s9999||||xx |||||||||||||| ||und|| | ||
| 082 | _bPNVM-19577 | ||
| 100 | _a--- | ||
| 245 | _aHEAVEN AND EARTH. | ||
| 260 | _b--- | ||
| 260 | _c0 | ||
| 300 | _a369 | ||
| 600 | _a--- | ||
| 630 | _aHEAVEN AND EARTH. | ||
| 700 | _a--- | ||
| 730 | _aHEAVEN AND EARTH. | ||
| 942 | _cBOOK | ||
| 999 |
_c1285557 _d1285554 |
||